| 000 | 00000nam 2200000za 4500 |
| 001 | 9.663607 |
| 003 | CaOODSP |
| 005 | 20240717141702 |
| 007 | ta |
| 008 | 150407|2002||||xxc||||| f|0| 0 eng d |
| 020 | |a0-662-66438-8 |
| 040 | |aCaOODSP|beng |
| 041 | |aeng |
| 041 | |afre |
| 043 | |an-cn--- |
| 086 | 1 |aBT22-80/2002 |
| 110 | 1 |aCanada. |bTreasury Board. |
| 245 | 10|aCommunications policy of the Government of Canada |
| 260 | |aOttawa - Ontario : |bTreasury Board of Canada Secretariat |c2002. |
| 300 | |aEnglish text, 61p. : |btables ; |c25 cm. |
| 546 | |aBilingual |
| 563 | |aSpiral binding |
| 590 | |a02-15|b2002-04-12 |
| 690 | 07|aGovernment policy|2gcpds |
| 690 | 07|aCommunications|2gcpds |
| 690 | 07|aFederal government|2gcpds |
| 776 | 0#|tPolitique de communication du gouvernement du Canada |w(CaOODSP)9.643274 |
| 776 | 0#|tCommunications policy of the Government of Canada |w(CaOODSP)9.699298 |
| 792 | |tPolitique de communication du gouvernement du Canada |efre|w(CaOODSP)9.663608 |